000 00559nam a22001817a 4500
999 _c160836
_d160836
005 20200926122127.0
010 _aA-980731
020 _c395.00
035 _aA-980731
037 _bUBS Publishers' Distributors Ltd.
082 _a954.09
100 _aThakur, C.P.
245 _aIndia under Atal Behari Vajpayee:
_bthe BJP era /
_cC.P. Thakur {and} Devendra P. Sharma
260 _aNew Delhi
_bUBS Publishers' Distributors Ltd.
_c1999
300 _a375p.
_c22cm(hbk)
700 _aSharma, Devendera P.
942 _2ddc
_cEN
_h954.09
_mTHA